Animali dell'Acquario di Genova - Statistics

Statistiche generali
  • Questo quiz è stato fatto 38 volte
    35 dall'ultimo reset
  • Il punteggio medio è 12 su 26
Statistiche sulle risposte
Hint Risposta % Corretto
Squalo Grigio
97%
Mammiferi Delfino Tursiope
93%
Rane
83%
Pinguino di Magellano
76%
Uccelli Pinguino Papua
76%
Trigone
69%
Foca Comune
66%
Invertebrati Meduse
66%
Pesce Pagliaccio
62%
Serpenti
62%
Polpo Gigante
55%
Pesci Ossei Cavalluccio Marino
48%
Tartarughe
48%
Stelle Marine
41%
Caimano
38%
Murena
38%
Lamantino
34%
Iguana
31%
Pesci Cartilaginei Pesce Sega
28%
Piranha
28%
Pesce Chirurgo
24%
Pesce Gatto
21%
Rettili e Anfibi Boa
17%
Scorfano
10%
Squalo Nutrice
0%
Squalo Zebra
0%
Nessun quiz corrispondente trovato
Distribuzione punteggi
Percentuale di utenti per punteggio
Percentile per numero di risposta
I tuoi punteggi nel tempo
Non hai fatto questo quiz dall'ultimo reset